000 00255nam a2200097Ia 4500
001 657775
005 20250826154622.0
008 250824s9999 xx 000 0 und d
245 0 _aRUBY ROGERS YÜRÜYEN BİR EFSANEYİM
_cSUE LİMB
260 _bALTIN KİTAPLAR
999 _c657775
_d657775